Państwa z największym ruchem kontenerowym w portach - Statystyki

Ogólne statystyki
  • Ten quiz został rozwiązany 24 razy
  • Średni wynik to 17 z 21
Statystyki odpowiedzi
TEU Państwo % Poprawnych
269 mln Chiny
100%
22,5 mln Japonia
100%
11,7 mln Brazylia
92%
19,7 mln Indie
92%
12,4 mln Indonezja
92%
62,2 mln Stany Zjednoczone
92%
9,74 mln Wielka Brytania
92%
10,5 mln Arabia Saudyjska
85%
28,5 mln Korea Południowa
85%
13,7 mln Niemcy
85%
37,3 mln Singapur
85%
12,4 mln Turcja
85%
20,3 mln Zjednoczone Emiraty Arabskie
85%
17,2 mln Hiszpania
77%
27,3 mln Malezja
77%
14,7 mln Tajwan
77%
20,5 mln Wietnam
77%
11,6 mln Włochy
77%
14,9 mln Holandia
69%
10,5 mln Tajlandia
69%
12,3 mln Belgia
54%
Nie znaleziono quizów pasujących do podanych kryteriów
Rozkład punktacji
Procent ludzi z każdym wynikiem
Percentyl według liczby udzielonych odpowiedzi
Twoja historia wyników
Nie rozwiązałeś tego quizu